00000000nam 2200000zi 4500
0019.945425
003CaOODSP
00520241121144133
006m     o  d f      
007cr bn|||||||||
008241121e19800402oncado  ot   f000 0 eng d
040 |aCaOODSP|beng|erda|cCaOODSP
043 |an-cn-on
0861 |aEn13-6/80-18E-PDF
1001 |aDick, T. M. |q(Thomas Milne)|eauthor.
24510|aErosion at the tip of Long Point near the Long Point Lighthouse, Lake Erie / |cauthor: T.M. Dick.
264 1|a[Burlington, Ont.] : |bHydraulics Division, [National Water Research Institute], |cApril 2, 1980.
300 |a1 online resource (2, 2 pages, 6 unnumbered pages) : |billustrations, graphs, photographs.
336 |atext|btxt|2rdacontent
337 |acomputer|bc|2rdamedia
338 |aonline resource|bcr|2rdacarrier
4901 |aTechnical note ; |vreport no. 80-18
500 |aCover title.
500 |a"Correspondence file no: 1324-1."
500 |a"Reason for report: This report is a sequel to a previous report No. 78-15 on the erosion and groynes at the tip of Lake Erie."
500 |aDigitized edition from print [produced by Environment and Climate Change Canada].
520 |a"The long-term sediment balance and behaviour of Long Point Spit are significant for the preservation of federal lands of ecological interest. Research studies to investigate the physical processes at work are underway in the Division. A study of the Point as a whole is required as well as a focussed study of the shore processes near the tip of the Point in order to assess the future behaviour of the tip. Work on the research study to date has shown that the Point is not a static feature"--Research activities, page 2.
650 0|aBeach erosion|zOntario|zLong Point (Peninsula)
650 0|aCoast changes|zOntario|zLong Point (Peninsula)
650 0|aShorelines|xMonitoring|zOntario|zLong Point (Peninsula)
650 6|aPlages|xÉrosion|zOntario|zLongue, Pointe (Haldimand-Norfolk)
650 6|aLittoral|xModifications|zOntario|zLongue, Pointe (Haldimand-Norfolk)
650 6|aRivage|xSurveillance|zOntario|zLongue, Pointe (Haldimand-Norfolk)
651 0|aLong Point (Ont. : Peninsula)|xEnvironmental conditions.
651 6|aLongue, Pointe (Haldimand-Norfolk, Ont.)|xConditions environnementales.
7102 |aNational Water Research Institute (Canada). |bHydraulics Division, |eissuing body.
830#0|aTechnical note (National Water Research Institute (Canada). Hydraulics Division)|vno. 80-18.|w(CaOODSP)9.855127
85640|qPDF|s893 KB|uhttps://publications.gc.ca/collections/collection_2024/eccc/en13-6/En13-6-80-18-eng.pdf